| 000 | 00854cam a22002897a 4500 | ||
|---|---|---|---|
| 003 | CHAP | ||
| 005 | 20220329134338.0 | ||
| 008 | 971013s1956 r 00010 d | ||
| 010 | _a19097 | ||
| 011 | _a20069 | ||
| 035 | _a24157 | ||
| 040 | _cCHAP | ||
| 082 |
_a634.90973 _bA55r |
||
| 100 | 0 | 0 |
_aAllen, Paul H. _94403 |
| 245 | 1 | 4 | _aThe rain forest of Golfo Dulce |
| 260 |
_aGainesville : _bUniversity of Florida, _c1956 |
||
| 300 |
_a417 p. _b: ilus |
||
| 590 |
_aBATCH-UPD _b10 _c20130110 _lUCH01 _h1552 |
||
| 590 |
_aBATCH-UPD _b10 _c20130410 _lUCH01 _h0950 |
||
| 590 |
_aBATCH-UPD _b10 _c20130914 _lUCH01 _h0709 |
||
| 590 |
_aCONVERSION _b10 _c20130109 _lUCH01 _h1312 |
||
| 650 | 1 | 4 |
_aBosques _xE.U.A. _914129 |
| 650 | 1 | 4 |
_aEcologĂa forestal. _935176 |
| 901 | _aBK | ||
| 942 | _cLIBRO | ||
| 949 |
_a634.90973 A55r _bBC _cBPA _d-55806 _eBPA _h23490 _i24157 _si |
||
| 999 |
_c19097 _d19097 |
||